000 01282cam a2200313 i 4500
999 _c7753
_d7753
001 7753
003 Mx-PuUPA
005 20240410103444.0
008 140415s1988 mx r 001 0 spa d
020 _a9682426987
040 _aMx-PuUPA
_bspa
_cMx-PuUPA
_dMx-PuUPA
_erda
041 1 _aspa
_heng
100 1 _aBenjamin, Barbaranne J.,
_eautor
_98100
240 1 2 _aA special child in the family. A guide for parents.
_lEspañol
245 1 3 _aUn niño especial en la familia :
_bguía para padres /
_cBarbaranne J. Benjamin ; traducción María del Carmen Carillo Farga
250 _aPrimera edición /
_ben español
264 4 _aMéxico, D.F. :
_bEditorial Trillas,
_c©1988
300 _a85 páginas ;
_c23 cm.
336 _atexto
_2rdacontent
_btxt
337 _asin medio
_2rdamedia
_bn
338 _avolumen
_2rdacarrier
_bnc
650 4 _aPadres e hijos
_xNiños impedidos
650 4 _aEducación
_vManuales
700 1 _aCarrillo Farga, María del Carmen,
_etraductor
765 1 8 _aBenjamin, Barbaranne J.,
_bPrimera edición
_dSothwest : Sothwest Texas State University, [Lugar de publicación no identificada]
_tA special child in the family. A guide for parents.
942 _2ddc
_cLI
_h306.87082
_iB456